[Event "FRA-ch U18 Girls"]
[Site "Saint Paul Trois Chateaux"]
[Date "2013.04.29"]
[Round "2"]
[White "Reau, Florine"]
[Black "Sellami, Farida"]
[Result "1-0"]
[WhiteElo "1538"]
[BlackElo "1419"]
[PlyCount "67"]
[EventDate "2013.04.28"]
[EventType "swiss"]
[EventRounds "9"]
[EventCountry "FRA"]
[SourceTitle "CBM 154 Extra"]
[Source "ChessBase"]
[SourceDate "2013.06.25"]
[SourceVersion "2"]
[SourceVersionDate "2013.06.25"]
[SourceQuality "1"]

1. e4 c5 2. Nf3 Nc6 3. d4 cxd4 4. Nxd4 Nf6 5. Nc3 d6 6. f3 e6 7. Be3 a6 8. Qd2 Qc7 9. 0-0-0 Be7 10. g4 b5 11. Ndxb5 axb5 12. Nxb5 Qb8 13. Nxd6+ Bxd6 14. Qxd6 Qxd6 15. Rxd6 Bb7 16. Bb5 Rc8 17. Rhd1 0-0 18. g5 Ne8 19. Rd7 Ba8 20. Bc5 Ne5 21. Bxf8 Nxd7 22. Bxd7 Rb8 23. Ba3 g6 24. b3 Ng7 25. Bb2 Nh5 26. a4 Nf4 27. Be5 Ne2+ 28. Kd2 Nd4 29. Bxb8 Nxf3+ 30. Ke3 Nxg5 31. Be5 Nxe4 32. Bc6 f5 33. Bxa8 Ng5 34. a5 1-0